Saints in aprons and overalls: (Record no. 5017)

MARC details
000 -LEADER
fixed length control field 00727cam a22002531 4500
001 - CONTROL NUMBER
control field 9355613
003 - CONTROL NUMBER IDENTIFIER
control field GBCCL
005 - DATE AND TIME OF LATEST TRANSACTION
control field 20241126110531.0
008 - FIXED-LENGTH DATA ELEMENTS--GENERAL INFORMATION
fixed length control field 750710s1959 nju 000 0 eng
010 ## -
-- 59011520
035 ## - SYSTEM CONTROL NUMBER
System control number (OCoLC)1441926
040 ## - CATALOGING SOURCE
Original cataloging agency DLC
Transcribing agency FJ
Modifying agency PPLT
-- DLC
042 ## -
-- premarc
050 00 -
-- BS2430
-- .B37
082 ## - DEWEY DECIMAL CLASSIFICATION NUMBER
Classification number 225.92
Item number BAR
100 1# - MAIN ENTRY--PERSONAL NAME
Personal name Barker, William Pierson.
9 (RLIN) 8710
245 10 - TITLE STATEMENT
Title Saints in aprons and overalls:
Remainder of title friends of Paul.
260 ## - PUBLICATION, DISTRIBUTION, ETC.
Place of publication, distribution, etc. [Westwood, N.J.]
Name of publisher, distributor, etc. Revell
Date of publication, distribution, etc. [1959]
300 ## - PHYSICAL DESCRIPTION
Extent 128 p.
Dimensions 21 cm.
600 00 - SUBJECT ADDED ENTRY--PERSONAL NAME
Personal name Paul,
Titles and other words associated with a name the Apostle, Saint.
9 (RLIN) 1848
630 00 - SUBJECT ADDED ENTRY--UNIFORM TITLE
Uniform title Bible.
Name of part/section of a work New Testament
Form subdivision Biography.
9 (RLIN) 6663
906 ## - LOCAL DATA ELEMENT F, LDF (RLIN)
a 7
b cbc
c oclcrpl
d u
e ncip
f 19
g y-gencatlg
942 ## - ADDED ENTRY ELEMENTS (KOHA)
Source of classification or shelving scheme Dewey Decimal Classification
Koha item type Books
Holdings
Withdrawn status Lost status Source of classification or shelving scheme Damaged status Not for loan Home library Current Library Shelving location Date acquired Total checkouts Full call number Barcode Date last seen Copy number Price effective from Koha item type
    Dewey Decimal Classification     GRACE BIBLE COLLEGE GRACE BIBLE COLLEGE Biblical Studies 2018-02-21   225.92 BAR 007515 2025-05-01 c.1 2018-02-21 Books
© Grace Bible College Library 2025